000 00466nam a2200169Ia 4500
003 GCL
008 140319s9999 xx 000 0 ara d
040 _aGCL /
_cGCL
082 0 4 _a811.9
_bف و
100 1 _aفاروق جويدة
245 1 0 _aالوزير العاشق: مسرحية شعرية /
_cفاروق جويدة
300 _a128 ص
490 _a
650 0 4 _aالمسرح العربى
650 0 4 _aالمسرحية الشعرية
942 _2ddc
_cBK
999 _c38746
_d38746